| 000 | 00593nam a2200205Ia 4500 | ||
|---|---|---|---|
| 008 | 131103s9999 xx 000 0 und d | ||
| 020 |
_a0-590-44154-X _cRs.70.00 |
||
| 040 | _aLoreto College | ||
| 041 | _aEnglish | ||
| 082 |
_a920/MAN _bLCBED/12378 |
||
| 100 | _aDenenberg, Barry | ||
| 245 |
_aNelson Mandela _b no easy walk to freedom _cBarry Denenberg |
||
| 260 |
_aNew York _bScholastic _c1[19?] |
||
| 300 |
_a190p. _c 21 cm. |
||
| 504 | _aIncludes bibliographical references and index | ||
| 650 | _aMandela,Nelson | ||
| 651 | _aBiography | ||
| 850 | _aLCBED/920/MAN | ||
| 942 | _cBK | ||
| 999 |
_c30588 _d81067 |
||